Doplnkové dôchodkové sporenie v podmienkach SR

Premeny doplnkového dôchodkového sporenia v Slovenskej republike. Ciele zmien v systéme doplnkového dôchodkového sporenia. Základné údaje o doplnkovom dôchodkovom sporení k 31.12.2009. Hlavné dôvody, prečo byť účastníkom doplnkového dôchodkového sporenia.

Salvato in:
Dettagli Bibliografici
Autore principale: Rievajová, Eva
Altri autori: Ošková, Silvia, 1979-
Natura: Capitolo di libro
Lingua:slovacco
Soggetti:
Tags: Aggiungi Tag
Nessun Tag, puoi essere il primo ad aggiungerne!!

MARC

LEADER 00000nla$a2200000$$$4500
001 0123613
005 20240502072407.9
041 0 |a slo 
044 |a SK 
245 1 0 |a Doplnkové dôchodkové sporenie v podmienkach SR  |c Eva Rievajová, Silvia Ošková 
520 |a Premeny doplnkového dôchodkového sporenia v Slovenskej republike. Ciele zmien v systéme doplnkového dôchodkového sporenia. Základné údaje o doplnkovom dôchodkovom sporení k 31.12.2009. Hlavné dôvody, prečo byť účastníkom doplnkového dôchodkového sporenia. 
610 2 0 |a sporenie dôchodkové doplnkové 
610 2 0 |a legislatíva 
610 2 0 |a dôchodky starobné 
610 2 0 |a systémy dôchodkové 
610 2 0 |a Slovensko 
100 1 |a Rievajová, Eva 
700 1 |a Ošková, Silvia, 1979-